000 00492nam a22001817a 4500
003 CEME
005 20210628202646.0
008 210120b xxu||||| |||| 00| 0 eng d
020 _a0-07-114521-4
040 _c.
082 _a621.381 SIN
100 _aMattingly, Jack.D
_960954
245 _aElements of gas turbine propulsion
260 _aNEW YORK
_bMCGRAW HILL
_c1996
300 _aLXIII,960P
650 _aGAS TURBINE PROPULSION; AIRPLANES-JET PROPULSION
_960955
942 _cBK
_2ddc
999 _c570546
_d570546